000 00710nam a2200241Ia 4500
003 OSt
005 20220927105108.0
006 a|||||r|||| 00| 0
007 ta
008 220926b |||||||| |||| 00| 0 eng d
024 _a159585
037 _cReference Collections
040 _aRTL
_cRTL
_beng
041 _2eng
_aeng
082 _a"X71.275.N78, L8"
110 _aWEST BENGAL (Govt. of-)
_9370100
245 0 _aDetailed Civil budget estimates for the year 1978-79
260 _aAlipore
_bGovt. press
_c1978
300 _a1996p
_ccm.
700 _aWEST BENGAL (Govt. of-)
_9370101
942 _h"X71.275.N78, L8"
_cCC
999 _c690612
_d690612